000 00996nam0a22003131 4500
001 v19\rc\1985335
005 20260406094857.0
035 _a(NLR Aleph) 005067954
090 _a7065008
_c7065008
100 _a20080623d1914 u y0rusy50 ca
101 0 _arus
102 _aRU
105 _ay z |||||
200 1 _aСобинов
_eМои студенческие воспоминания о нем
_fВ.В. Сухоруков
210 _aМосква
_cТ.А. Паршина
_d1914
215 _a45 с.
_d20
700 1 _aСухоруков
_bВ.В.
702 1 _4570
_7ca
_8rus
_aСобинов
_bЛ. В.
_f1872-1934
_gЛеонид Витальевич
_3RU\NLR\AUTH\770287277
_92688408
801 0 _aRU
_bNLR
_gpsbo
801 0 _aRU
_bRuMoRGB
_2psbo
801 1 _aRU
_bProSoft-M
_2rusmarc
852 _aNLR
_j37.55.7.11
899 _aRuMoRGB
_jV 16/1718
899 _aRuMoRGB
_jU 52/602
899 _aRuMoRGB
_jU 453/904
899 _aГПИБ
899 _aНБ МГУ
942 _cBOOK
980 _aNB